00271nam a2200121Ia 4500008004100000041000900041082001700050100002000067245001300087260003300100300000800133650000800141230718s9999 xx 000 0 und d aEng. a519.5bCH.-( ach. Prof Shee M 0a(Part 1) aPakistanbIlmi kilahkac2008 a582 aLaw